Informe final: resumen
Guardado en:
| Autor Corporativo: | |
|---|---|
| Formato: | Texto |
| Publicado: |
San José :
|
| Etiquetas: |
Agregar Etiqueta
Sin Etiquetas, Sea el primero en etiquetar este registro!
|
MARC
| LEADER | 00000 a a2200000 04500 | ||
|---|---|---|---|
| 001 | 18367 | ||
| 003 | |||
| 040 | |||
| 090 | |a 142900 | ||
| 110 | |a Comisión Especial Mixta del ICE. Representación Social | ||
| 245 | |a Informe final: resumen | ||
| 260 | |a San José : | ||
| 300 | |a 27 p | ||
| 999 | |c 17363 |d 17363 | ||
